Southville International School and Colleges
Your cart is empty.
  • Cart
  • Lists
    Public lists Eva Luna New books Lux_list list_1
    Your lists Log in to create your own lists
  • Log in to your account
  • Your cookies
  • Search history
Southville International School and Colleges
  • Advanced search
  • Recent comments
  • Most popular
  • Libraries

Log in to your account

Log in with GOOGLE


If you do not have an external account, but do have a local account, you can still log in:

  1. Home
  2. MARC view: The wonky donkey /
Normal view MARC view ISBD view

The wonky donkey / (Record no. 356277)

[ view plain ]
MARC details
000 -LEADER
fixed length control field 00818nam a2200277Ia 4500
008 - FIXED-LENGTH DATA ELEMENTS--GENERAL INFORMATION
fixed length control field 180313s9999 xx 000 0 und d
020 ## - INTERNATIONAL STANDARD BOOK NUMBER
International Standard Book Number 9789810943486
050 ## - LIBRARY OF CONGRESS CALL NUMBER
Item number ER S644 2009
100 ## - MAIN ENTRY--PERSONAL NAME
Personal name Smith, Craig
245 #4 - TITLE STATEMENT
Title The wonky donkey /
245 ## - TITLE STATEMENT
Statement of responsibility, etc words and music by Craig Smith ; illustrations by Katz Cowley.
260 ## - PUBLICATION, DISTRIBUTION, ETC. (IMPRINT)
Place of publication, distribution, etc New York, New York :
260 ## - PUBLICATION, DISTRIBUTION, ETC. (IMPRINT)
Name of publisher, distributor, etc Scholastic Inc.,
260 ## - PUBLICATION, DISTRIBUTION, ETC. (IMPRINT)
Date of publication, distribution, etc 2009
300 ## - PHYSICAL DESCRIPTION
Extent unpaged :
300 ## - PHYSICAL DESCRIPTION
Other physical details colored illustrations ;
300 ## - PHYSICAL DESCRIPTION
Dimensions 25cm.
300 ## - PHYSICAL DESCRIPTION
Accompanying material + includes audio CD of sidesplitting song
650 ## - SUBJECT ADDED ENTRY--TOPICAL TERM
Topical term or geographic name as entry element Children's songs, English.
650 ## - SUBJECT ADDED ENTRY--TOPICAL TERM
Topical term or geographic name as entry element Donkeys --
650 ## - SUBJECT ADDED ENTRY--TOPICAL TERM
Topical term or geographic name as entry element Imagination --
650 ## - SUBJECT ADDED ENTRY--TOPICAL TERM
General subdivision Songs and music -- Juvenile literature.
650 ## - SUBJECT ADDED ENTRY--TOPICAL TERM
General subdivision Songs and music -- Juvenile literature.
700 ## - ADDED ENTRY--PERSONAL NAME
Personal name Cowley, Katz.
700 ## - ADDED ENTRY--PERSONAL NAME
Personal name Title.
Holdings
Withdrawn status Lost status Damaged status Home library Current library Shelving location Date acquired Cost, normal purchase price Total Checkouts Full call number Barcode Date last seen Price effective from Koha item type
      Stonyhurst Southville International School (Malarayat) Stonyhurst Southville International School (Malarayat)   03/13/2018 350.00   S644 2009 SSISM5513 03/13/2018 03/13/2018 Books

The wonky donkey /

APA

Smith C., Cowley K. & Title.The wonky donkey. New York, New York: .

Chicago

Smith Craig, Cowley Katz and Title.The wonky donkey. New York, New York: .

Harvard

Smith C., Cowley K. and Title.The wonky donkey. New York, New York: .

MLA

Smith Craig, Cowley Katz and Title.New York, New York: . .

  • Place hold
  • Print
  • Cite
  • Add to your cart (remove)
  • Save record
    BIBTEX Dublin Core MARCXML MARC (non-Unicode/MARC-8) MARC (Unicode/UTF-8) MARC (Unicode/UTF-8, Standard) MODS (XML) RIS
  • More searches
    Search for this title in:
    Other Libraries (WorldCat) Other Databases (Google Scholar) Online Stores (Bookfinder.com) Open Library (openlibrary.org)

Exporting to Dublin Core...

SOUTHVILLE LIBRARY

Southville International School and Colleges Library

1281 Tropical Ave. Cor. Luxembourg St., BF Homes International, Las Pinas City

Tel. No. 8256374 / 252358 Loc. 117/146

Powered by Koha